000 01920nam0a2200337 4500
001 RU\NLR\bibl\919010
005 20260409074632.0
010 _a5-94856-149-6
_91000
021 _aRU
_b2006-6139
_9293
035 _a(NLR Aleph) 000907299
090 _a23126
_c23126
100 _a20060321d2005 |||y0rusy50 ca
101 0 _arus
102 _aRU
105 _aa |||||||||
200 1 _aПредпринимательские риски
_eучебное пособие для студентов ВУЗов
_fСемерькова М.М., Решетова М.В., Крутик А.Б.
_gпод науч. ред. Засл. деятеля науки РФ, д.э.н., проф. Крутика А.Б.
_gМ-во образования и науки Рос. Федерации, Балт. акад. туризма и предпринимательства
210 _aСанкт-Петербург
_cАстерион
_d2005
215 _a300 с.
_cил., портр.
_d22
300 _aНа 4-й с. обл. авт.: Семерькова М.М., Решетова М.В. - кандидаты экон. наук, доценты, Крутик А.Б., Засл. деятель науки РФ, д.э.н., проф.
320 _aБиблиогр.: с. 293-300 (143 назв.)
606 _aПредпринимательский риск
_jУчебные издания для высших учебных заведений
_3RU\NLR\auth\661311578
_92181025
686 _aУ9(2)-13(2Р)я73
686 _aУ5-13я73
700 1 _aСемерькова
_bМ. М.
_gМария Михайловна
_4070
701 1 _aРешетова
_bМ. В.
_gМарина Вячеславовна
_4070
701 1 _4070
_8rus
_7ca
_aКрутик
_bА. Б.
_f1945-
_gАлександр Борисович
_3RU\NLR\auth\7774487
_957415
801 0 _aRU
_bNLR
_c20060321
_grcr
801 1 _aRU
_bNLR
_c20060321
942 _cBOOK
980 _aNB